000 00936nas a2200229 i 4500
001 2050
003 ES-MaACL
005 20260220184346.0
007 t|
008 950801d19051921fr | | 1 ||re d
245 0 0 _aRevue de droit international privé et de droit pénal international /
_cpubliée par A. Darras, rédacteur en chef ; sous le patronage de A. Lainé ... [et al.] ; avec la collaboration de jurisconsultes, magistrats et professeurs, français et étrangers ; secrétaire de la rédaction, P. Goulé.
260 _aParis :
_bL. Larose et L. Tenin,
_c1905-1921 (
_eBar-le-Duc :
_fContant Laguerre)
300 _a1 v. ;
_c24 cm.
362 0 _aT. 1 (1905)- T. 17 (1921)
650 1 7 _aDerecho
_2embne
_911602
700 1 _aDarras, Alcide,
_d1861-1908
_9165329
700 1 _aLainé, Armand,
_d1841-1908
_9165330
700 0 _aGoulé, Paul.
_959342
852 _aES-MaACL
_jHem-419
866 0 _o1909.
999 _c2050
_d2050